Skład Anglii vs Włochy - finał Euro 2020 - Statystyki

Ogólne statystyki
  • Ten quiz został rozwiązany 449 razy
  • Średni wynik to 7 z 11
Statystyki odpowiedzi
Numer Pozycja Zawodnik % Poprawnych
9 Napastnik Harry Kane
96%
1 Bramkarz Jordan Pickford
94%
5 Środkowy obrońca John Stones
79%
2 Środkowy obrońca Kyle Walker
77%
6 Środkowy obrońca Harry Maguire
71%
3 Lewy wahadłowy Luke Shaw
70%
4 Środkowy pomocnik Declan Rice
61%
10 Lewy skrzydłowy Raheem Sterling
56%
12 Prawy wahadłowy Kieran Trippier
42%
14 Środkowy pomocnik Kalvin Phillips
30%
19 Prawy skrzydłowy Mason Mount
22%
Nie znaleziono quizów pasujących do podanych kryteriów
Rozkład punktacji
Procent ludzi z każdym wynikiem
Percentyl według liczby udzielonych odpowiedzi
Twoja historia wyników
Nie rozwiązałeś tego quizu